000 00608nam a2200229 a 4500
001 BRCA_6237
005 20190320205400.0
008 200711s1912----u--a######---#000-0#eng-#
041 _aeng
044 _au
050 4 _aTP932
_b.S43 1912
100 1 _aLa Duke, Emery E.
_915668
245 1 0 _aThe secret and science of French dry cleaning.
260 _aMinneapolis, Minnesota
_bLa Duke
_cc1912
300 _a120 p.
_bil., (algunas a color)
_c20 cm.
500 _aK96
650 1 4 _aLavado en seco
_915669
650 1 4 _aTintorerĂ­a
_915670
650 1 4 _aTintes
_915671
902 _aGFM
942 _2lcc
_cB
999 _c5924
_d5924